000 00657nam a22001937a 4500
999 _c1429
_d1429
003 AR-CdUCM
008 190227b ||||| |||| 00| 0 spa d
040 _aMUNICIPALIDAD PROVINCIAL DEL CUSCO
_cBIBLIOTECA MUNICIPAL DEL CUSCO
082 _a869.56 /
_bT33
100 _aTejo Gómez, Heriberto
_95424
245 _aMagia de primavera /
260 _aLima :
_bCentro de Investigación de la Literatura Infantil y Juvenil del Perú,
_c1989.
300 _a56 páginas ;
_c21 cm.
650 _aLiteratura peruana
_9169
650 _aPoesías infantiles peruanas
_95425
650 _aPoesías infantiles siglo XX
_95426
942 _2ddc
_cLIBROS
945 _azta